书目信息 |
| 题名: |
筑梦·追梦·圆梦
|
|
| 作者: | ;《筑梦·追梦·圆梦:励志故事60例》编委会 编著 | |
| 分册: | ||
| 出版信息: | 成都 巴蜀书社 2019 |
|
| 页数: | 198页 | |
| 开本: | 21cm | |
| 丛书名: | ||
| 单 册: | ||
| 中图分类: | G631.4 , G631 | |
| 科图分类: | ||
| 主题词: | 爱国主义教育--中小学--课外读物 | |
| 电子资源: | ||
| ISBN: | 978-7-5531-1242-8 | |
| 000 | 01149nam0 2200229 450 | |
| 001 | 2332451722 | |
| 005 | 20231110083354.23 | |
| 010 | @a978-7-5531-1242-8@dCNY19.80 | |
| 100 | @a20191203d2019 em y0chiy0110 ea | |
| 101 | 0 | @achi |
| 102 | @aCN@b510000 | |
| 105 | @ay z 000yy | |
| 200 | 1 | @a筑梦·追梦·圆梦@9zhu meng · zhui meng · yuan meng@f《筑梦·追梦·圆梦:励志故事60例》编委会编著 |
| 210 | @a成都@c巴蜀书社@d2019 | |
| 215 | @a198页@d21cm | |
| 330 | @a本书为受四川省教育厅委托编撰的凉山州励志教育读本,针对四-九年级学生,收录美德修养故事10个、青春励志故事20个、成长奋斗类故事30个。前者主要从中华传统美德、励志故事中选出,后两者为凉山州各名族人民的励志故事。青春励志板块着重已经取得较大成就的人物故事,成长奋斗板块主要是正在奋斗的普通人。本书结构合理,所选人物故事均积极向上,具有可读性,并且图文并茂,每篇故事还有引言、点评以引导学生,适于学生使用。 | |
| 606 | 0 | @a爱国主义教育@x中小学@x课外读物 |
| 690 | @aG631.4@v5 | |
| 690 | @aG631@v4 | |
| 711 | 02 | @a《筑梦·追梦·圆梦:励志故事60例》编委会@9《 zhu meng · zhui meng · yuan meng : li zhi gu shi 6 0 li 》 bian wei hui@4编著 |
| 801 | 0 | @aCN@b91CIP@c20191203 |
| 905 | @aBZT@dG631@e10 | |
| 筑梦·追梦·圆梦/《筑梦·追梦·圆梦:励志故事60例》编委会编著.-成都:巴蜀书社,2019 |
| 198页;21cm |
| ISBN 978-7-5531-1242-8:CNY19.80 |
| 本书为受四川省教育厅委托编撰的凉山州励志教育读本,针对四-九年级学生,收录美德修养故事10个、青春励志故事20个、成长奋斗类故事30个。前者主要从中华传统美德、励志故事中选出,后两者为凉山州各名族人民的励志故事。青春励志板块着重已经取得较大成就的人物故事,成长奋斗板块主要是正在奋斗的普通人。本书结构合理,所选人物故事均积极向上,具有可读性,并且图文并茂,每篇故事还有引言、点评以引导学生,适于学生使用。 |
| ● |
| 相关链接 |
|
|
|
正题名:筑梦·追梦·圆梦
索取号:G631/10
 
预约/预借
| 序号 | 登录号 | 条形码 | 馆藏地/架位号 | 状态 | 备注 |
| 1 | 2000948672 | 2000948672 | 安徽、中教混合/安徽时代(第一批)/22/ [索取号:G631/10] | 在馆 | |
| 2 | 2000948673 | 2000948673 | 安徽、中教混合/安徽时代(第一批)/22/ [索取号:G631/10] | 在馆 | |
| 3 | 2000948674 | 2000948674 | 安徽、中教混合/安徽时代(第一批)/22/ [索取号:G631/10] | 在馆 | |
| 4 | 2000948675 | 2000948675 | 安徽、中教混合/安徽时代(第一批)/22/ [索取号:G631/10] | 在馆 | |
| 5 | 2000948676 | 2000948676 | 安徽、中教混合/安徽时代(第一批)/22/ [索取号:G631/10] | 在馆 | |
| 6 | 2000948677 | 2000948677 | 安徽、中教混合/安徽时代(第一批)/22/ [索取号:G631/10] | 在馆 |